02556cam a22003495i 4500999001700000001000900017003000900026005001700035008004100052020002400093040003800117082002200155245011400177264007700291300005100368336002600419337002800445338002700473504005100500520111300551650006701664650006801731650005401799650004201853650004001895653002701935655001701962700004101979700002602020942001202046952014802058 c27934d2790519489738EG-ScBUE20191221144538.0170210s2017 enkab f b 001 0 eng d z9781138201590 (pbk) aDLCbengerdacDLCdDLCdEG-ScBUE04a428.0071bFAC22200aFaces of English education :bstudents, teachers, and pedagogy /cedited by Lillian L.C. Wong and Ken Hyland. 1aAbingdon, Oxon ;aNew York :bRoutledge / Taylor & Francis Group,c2017. axiii, 278 pages :billustrations, map ;c25 cm atextbtxt2rdacontent aunmediatedbn2rdamedia avolumebnc2rdacarrier aIncludes bibliographical references and index. aFaces of English Education provides an accessible, wide-ranging introduction to current perspectives on English language education, covering new areas of interest and recent studies in the field. In seventeen specially commissioned chapters written by international experts and practitioners, this book: offers an authoritative discussion of theoretical issues and debates surrounding key topics such as identity, motivation, teacher education and classroom pedagogy; discusses teaching from the perspective of the student as well as the teacher, and features sections on both in- and out-of-class learning; showcases the latest teaching research and methods, including MOOCs, use of corpora, and blended learning, and addresses the interface between theory and practice; analyses the different ways and contexts in which English is taught, learned and used around the world. Faces of English Education is essential reading for pre- and in-service teachers, researchers in TESOL and applied linguistics, and teacher educators, as well as upper-undergraduate and postgraduate students studying related topics. 7aEnglish languagexStudy and teachingxForeign speakers.2BUEsh 7aEnglish languagexStudy and teachingzForeign countries.2BUEsh 7aCreative teachingvCross-cultural studies.2BUEsh 7aEnglish teachersxTraining of.2BUEsh 7aEnglish languagexVariation.2BUEsh bHHUUEENNcDecember2019 vReading book1 aWong, Lillian L. C.,d1970-eeditor.1 aHyland, Ken,eeditor. 2ddccBB 00102ddc40708BaccahaMAINbMAINc2NDd2019-12-21ePurchaseg450.00l0o428.0071 FACp000048457r2025-07-15 00:00:00v562.50w2019-12-21yBB